[Event "DEM U16 2022"]
[Site "Willingen GER"]
[Date "2022.06.07"]
[Round "4"]
[White "Laux, Dominik"]
[Black "Sidletskyi, Ivan"]
[Result "1/2-1/2"]
[Termination "normal"]
[Board "3"]
[WhiteElo "2263"]
[BlackElo "2084"]
[WhiteClock "00:02:07"]
[BlackClock "00:01:33"]
[PlyCount "125"]
[WhiteFideId "12994219"]
[BlackFideId "14156024"]
[EventCountry "GER"]
[EventRounds "9"]
[EventType "swiss"]
[EventDate "2022.06.04"]

1. e4 {[%clk 1:30:37]} c5 {[%clk 1:30:12]} 2. Nc3 {[%clk 1:30:46]} Nc6 {[%clk
1:28:18]} 3. Bb5 {[%clk 1:30:33]} e5 {[%clk 1:22:42]} 4. Nge2 {[%clk 1:24:25]}
g6 {[%clk 1:19:18]} 5. O-O {[%clk 1:21:04]} a6 {[%clk 1:05:56]} 6. Bxc6 {[%clk
1:18:21]} dxc6 {[%clk 1:05:13]} 7. d3 {[%clk 1:17:16]} Bg7 {[%clk 0:58:53]} 8.
f4 {[%clk 1:12:59]} Ne7 {[%clk 0:55:30]} 9. Qe1 {[%clk 1:07:20]} exf4 {[%clk
0:51:15]} 10. Bxf4 {[%clk 0:59:55]} O-O {[%clk 0:39:52]} 11. Qh4 {[%clk
0:56:09]} b6 {[%clk 0:33:59]} 12. Bg5 {[%clk 0:50:59]} Ra7 {[%clk 0:34:17]} 13.
Rf3 {[%clk 0:45:58]} Be6 {[%clk 0:30:37]} 14. Raf1 {[%clk 0:39:50]} Qd7 {[%clk
0:28:21]} 15. h3 {[%clk 0:36:06]} Nc8 {[%clk 0:27:11]} 16. Bf6 {[%clk 0:33:24]}
Nd6 {[%clk 0:23:46]} 17. Bxg7 {[%clk 0:27:03]} Kxg7 {[%clk 0:24:14]} 18. Qf6+
{[%clk 0:24:15]} Kg8 {[%clk 0:24:35]} 19. Nf4 {[%clk 0:21:46]} Ne8 {[%clk
0:24:19]} 20. Qe5 {[%clk 0:21:28]} Ng7 {[%clk 0:23:03]} 21. Nce2 {[%clk
0:20:39]} Qe7 {[%clk 0:21:35]} 22. g4 {[%clk 0:16:31]} Bc8 {[%clk 0:21:22]} 23.
Qc3 {[%clk 0:16:05]} Qg5 {[%clk 0:19:21]} 24. Kh2 {[%clk 0:14:25]} Re7 {[%clk
0:18:49]} 25. b3 {[%clk 0:11:51]} Qe5 {[%clk 0:18:18]} 26. Qxe5 {[%clk
0:11:34]} Rxe5 {[%clk 0:18:46]} 27. Nc3 {[%clk 0:10:35]} b5 {[%clk 0:17:16]}
28. Kg3 {[%clk 0:10:00]} f5 {[%clk 0:15:25]} 29. gxf5 {[%clk 0:08:25]} gxf5
{[%clk 0:15:44]} 30. Ng2 {[%clk 0:07:46]} Rfe8 {[%clk 0:13:03]} 31. exf5 {[%clk
0:07:00]} Nxf5+ {[%clk 0:13:12]} 32. Kh2 {[%clk 0:07:19]} Nd4 {[%clk 0:11:40]}
33. Rg3+ {[%clk 0:06:18]} Kh8 {[%clk 0:12:05]} 34. Rf2 {[%clk 0:06:33]} Rf5
{[%clk 0:09:48]} 35. Rxf5 {[%clk 0:04:24]} Bxf5 {[%clk 0:10:06]} 36. Ne3 {[%clk
0:03:54]} Bg6 {[%clk 0:10:07]} 37. Kg2 {[%clk 0:03:57]} b4 {[%clk 0:08:37]} 38.
Ne4 {[%clk 0:03:41]} Bxe4+ {[%clk 0:08:21]} 39. dxe4 {[%clk 0:04:08]} Rxe4
{[%clk 0:08:40]} 40. Kf2 {[%clk 0:04:09]} Re5 {[%clk 0:06:09]} 41. Rg4 {[%clk
0:29:15]} Nb5 {[%clk 0:30:29]} 42. Nc4 {[%clk 0:26:14]} Rf5+ {[%clk 0:29:43]}
43. Kg2 {[%clk 0:23:07]} Nd4 {[%clk 0:23:59]} 44. Re4 {[%clk 0:19:10]} Nxc2
{[%clk 0:18:33]} 45. Re8+ {[%clk 0:18:12]} Kg7 {[%clk 0:15:32]} 46. Ra8 {[%clk
0:18:29]} Rg5+ {[%clk 0:14:00]} 47. Kf2 {[%clk 0:18:27]} Rf5+ {[%clk 0:13:01]}
48. Kg3 {[%clk 0:17:10]} Nd4 {[%clk 0:12:24]} 49. Rxa6 {[%clk 0:17:28]} Rf1
{[%clk 0:11:19]} 50. Na5 {[%clk 0:15:34]} Ra1 {[%clk 0:09:45]} 51. Nxc6 {[%clk
0:15:41]} Nxb3 {[%clk 0:05:38]} 52. Ra7+ {[%clk 0:15:35]} Kf6 {[%clk 0:04:27]}
53. axb3 {[%clk 0:15:55]} Ra3 {[%clk 0:03:19]} 54. Rxh7 {[%clk 0:14:01]} Rxb3+
{[%clk 0:03:48]} 55. Kg4 {[%clk 0:13:33]} Rb1 {[%clk 0:02:50]} 56. Rb7 {[%clk
0:10:42]} b3 {[%clk 0:01:57]} 57. Rb6 {[%clk 0:07:18]} b2 {[%clk 0:01:01]} 58.
Nd4+ {[%clk 0:07:04]} Ke5 {[%clk 0:00:57]} 59. Nf3+ {[%clk 0:07:26]} Kd5 {[%clk
0:01:02]} 60. Nd2 {[%clk 0:05:58]} Rg1+ {[%clk 0:01:22]} 61. Kf4 {[%clk
0:02:47]} Rh1 {[%clk 0:01:30]} 62. Kg4 {[%clk 0:02:07]} c4 {[%clk 0:01:33]} 63.
Rxb2 1/2-1/2

[Event "DEM U16 2022"]
[Site "Willingen GER"]
[Date "2022.06.07"]
[Round "4"]
[White "Ohler, Julius"]
[Black "Bakiev, Diyor"]
[Result "0-1"]
[Termination "normal"]
[Board "4"]
[WhiteElo "2011"]
[BlackElo "2236"]
[WhiteClock "00:16:48"]
[BlackClock "00:08:19"]
[PlyCount "72"]
[WhiteFideId "16238982"]
[BlackFideId "16241584"]
[EventCountry "GER"]
[EventRounds "9"]
[EventType "swiss"]
[EventDate "2022.06.04"]

1. d4 {[%clk 1:30:51]} Nf6 {[%clk 1:30:51]} 2. Bg5 {[%clk 1:31:16]} Ne4 {[%clk
1:31:02]} 3. h4 {[%clk 1:31:42]} h6 {[%clk 1:30:28]} 4. Bf4 {[%clk 1:29:57]} c5
{[%clk 1:30:17]} 5. c3 {[%clk 1:17:02]} Qb6 {[%clk 1:19:28]} 6. Nd2 {[%clk
1:11:55]} Nxd2 {[%clk 1:17:59]} 7. Qxd2 {[%clk 1:02:12]} cxd4 {[%clk 1:17:31]}
8. Nf3 {[%clk 0:47:43]} dxc3 {[%clk 1:12:49]} 9. bxc3 {[%clk 0:46:55]} Nc6
{[%clk 1:11:51]} 10. e4 {[%clk 0:46:31]} d6 {[%clk 1:09:50]} 11. Be3 {[%clk
0:45:13]} Qc7 {[%clk 1:08:40]} 12. Be2 {[%clk 0:43:53]} e5 {[%clk 1:01:31]} 13.
O-O {[%clk 0:43:44]} Be7 {[%clk 1:01:41]} 14. Rfd1 {[%clk 0:42:40]} O-O {[%clk
1:00:25]} 15. c4 {[%clk 0:41:52]} Rd8 {[%clk 0:50:57]} 16. Rac1 {[%clk
0:38:03]} Bg4 {[%clk 0:47:42]} 17. g3 {[%clk 0:36:20]} Rac8 {[%clk 0:45:23]}
18. Qb2 {[%clk 0:34:44]} b6 {[%clk 0:41:45]} 19. Kg2 {[%clk 0:33:46]} Na5
{[%clk 0:40:18]} 20. Rd5 {[%clk 0:30:54]} Be6 {[%clk 0:37:39]} 21. Rb5 {[%clk
0:29:13]} Bd7 {[%clk 0:24:03]} 22. Rb4 {[%clk 0:25:35]} Bc6 {[%clk 0:23:23]}
23. Nd2 {[%clk 0:23:45]} f5 {[%clk 0:20:25]} 24. f3 {[%clk 0:22:23]} Rf8 {[%clk
0:17:08]} 25. Qb1 {[%clk 0:21:06]} f4 {[%clk 0:15:55]} 26. Bf2 {[%clk 0:20:17]}
fxg3 {[%clk 0:15:14]} 27. Bxg3 {[%clk 0:20:41]} Qd8 {[%clk 0:13:50]} 28. Rh1
{[%clk 0:20:10]} Bd7 {[%clk 0:13:40]} 29. Rb2 {[%clk 0:18:59]} Be6 {[%clk
0:13:32]} 30. Rc2 {[%clk 0:19:14]} Qe8 {[%clk 0:12:23]} 31. Qc1 {[%clk
0:18:54]} Nc6 {[%clk 0:11:43]} 32. Nb3 {[%clk 0:19:14]} Kh8 {[%clk 0:11:04]}
33. Qd2 {[%clk 0:19:29]} Qf7 {[%clk 0:09:41]} 34. Rhc1 {[%clk 0:17:39]} a5
{[%clk 0:08:38]} 35. a4 {[%clk 0:16:22]} Nb4 {[%clk 0:08:19]} 36. Rc3 {[%clk
0:16:48]} Rc6 0-1

[Event "DEM U16 2022"]
[Site "Willingen GER"]
[Date "2022.06.07"]
[Round "4"]
[White "Albert, Markus"]
[Black "Trushko, Andrii"]
[Result "0-1"]
[Termination "normal"]
[Board "5"]
[WhiteElo "2053"]
[BlackElo "1897"]
[WhiteClock "00:32:36"]
[BlackClock "00:21:15"]
[PlyCount "88"]
[WhiteFideId "16292626"]
[BlackFideId "14172887"]
[EventCountry "GER"]
[EventRounds "9"]
[EventType "swiss"]
[EventDate "2022.06.04"]

1. e4 {[%clk 1:30:58]} c6 {[%clk 1:30:53]} 2. Nf3 {[%clk 1:31:21]} d5 {[%clk
1:31:17]} 3. d3 {[%clk 1:31:46]} d4 {[%clk 1:29:58]} 4. g3 {[%clk 1:31:58]} c5
{[%clk 1:30:20]} 5. Bg2 {[%clk 1:32:21]} Nc6 {[%clk 1:30:41]} 6. e5 {[%clk
1:32:35]} Bg4 {[%clk 1:27:15]} 7. h3 {[%clk 1:32:51]} Bxf3 {[%clk 1:27:19]} 8.
Qxf3 {[%clk 1:33:12]} e6 {[%clk 1:27:43]} 9. O-O {[%clk 1:33:16]} Nge7 {[%clk
1:26:59]} 10. Nd2 {[%clk 1:33:10]} Nd5 {[%clk 1:23:12]} 11. Qe2 {[%clk
1:32:34]} Be7 {[%clk 1:21:28]} 12. Nc4 {[%clk 1:30:32]} Qd7 {[%clk 1:15:19]}
13. a4 {[%clk 1:30:02]} Rd8 {[%clk 1:06:54]} 14. f4 {[%clk 1:28:13]} O-O {[%clk
1:03:39]} 15. g4 {[%clk 1:25:15]} f6 {[%clk 1:03:43]} 16. Bd2 {[%clk 1:24:16]}
fxe5 {[%clk 1:03:00]} 17. fxe5 {[%clk 1:23:27]} Rxf1+ {[%clk 1:01:22]} 18. Rxf1
{[%clk 1:23:37]} Rf8 {[%clk 1:01:40]} 19. Rxf8+ {[%clk 1:20:22]} Bxf8 {[%clk
1:02:00]} 20. Be4 {[%clk 1:20:12]} Qd8 {[%clk 0:59:18]} 21. Qf3 {[%clk
1:20:09]} g6 {[%clk 0:58:33]} 22. Bf4 {[%clk 1:18:13]} Ncb4 {[%clk 0:56:08]}
23. Qf2 {[%clk 1:15:53]} Qd7 {[%clk 0:51:53]} 24. b3 {[%clk 1:09:57]} Nxf4
{[%clk 0:42:46]} 25. Qxf4 {[%clk 1:10:02]} Nxc2 {[%clk 0:42:33]} 26. h4 {[%clk
1:09:12]} b6 {[%clk 0:39:31]} 27. h5 {[%clk 1:07:08]} Qf7 {[%clk 0:37:04]} 28.
Qd2 {[%clk 1:06:26]} Ne3 {[%clk 0:37:24]} 29. Nxe3 {[%clk 1:06:13]} Bh6 {[%clk
0:37:47]} 30. hxg6 {[%clk 1:04:39]} hxg6 {[%clk 0:38:09]} 31. Qe1 {[%clk
1:03:56]} dxe3 {[%clk 0:37:07]} 32. Kg2 {[%clk 1:02:10]} Bf4 {[%clk 0:36:32]}
33. Qh4 {[%clk 0:59:14]} Bxe5 {[%clk 0:33:41]} 34. Bf3 {[%clk 0:58:21]} Kg7
{[%clk 0:30:07]} 35. Qg5 {[%clk 0:55:04]} Bf4 {[%clk 0:27:16]} 36. Qd8 {[%clk
0:53:17]} Qf6 {[%clk 0:20:49]} 37. Qxf6+ {[%clk 0:51:52]} Kxf6 {[%clk 0:21:14]}
38. Bc6 {[%clk 0:51:38]} Ke5 {[%clk 0:21:38]} 39. Kf3 {[%clk 0:51:43]} Kd4
{[%clk 0:21:57]} 40. Bb5 {[%clk 0:38:55]} Kc3 {[%clk 0:21:09]} 41. d4 {[%clk
0:36:23]} cxd4 {[%clk 0:21:15]} 42. Kxf4 {[%clk 0:36:12]} Kd2 {[%clk 0:20:59]}
43. Ke4 {[%clk 0:36:31]} e5 {[%clk 0:21:00]} 44. g5 {[%clk 0:32:36]} e2 {[%clk
0:21:15]} 0-1

[Event "DEM U16 2022"]
[Site "Willingen GER"]
[Date "2022.06.07"]
[Round "4"]
[White "Foerster-Yialamas, Lucas"]
[Black "Chassard, Cedric"]
[Result "1/2-1/2"]
[Termination "normal"]
[Board "6"]
[WhiteTitle "CM"]
[WhiteElo "2117"]
[BlackElo "2072"]
[WhiteClock "00:32:00"]
[BlackClock "00:06:01"]
[PlyCount "74"]
[WhiteFideId "30901774"]
[BlackFideId "16243536"]
[EventCountry "GER"]
[EventRounds "9"]
[EventType "swiss"]
[EventDate "2022.06.04"]

1. e4 {[%clk 1:30:58]} e5 {[%clk 1:30:40]} 2. Nf3 {[%clk 1:31:24]} Nc6 {[%clk
1:31:04]} 3. Bb5 {[%clk 1:31:52]} a6 {[%clk 1:31:22]} 4. Ba4 {[%clk 1:32:20]}
Nf6 {[%clk 1:31:43]} 5. d4 {[%clk 1:32:48]} exd4 {[%clk 1:30:31]} 6. O-O {[%clk
1:32:14]} Be7 {[%clk 1:26:47]} 7. Re1 {[%clk 1:32:33]} b5 {[%clk 1:19:22]} 8.
e5 {[%clk 1:32:21]} Nxe5 {[%clk 1:09:18]} 9. Nxe5 {[%clk 1:32:49]} bxa4 {[%clk
1:09:31]} 10. Qxd4 {[%clk 1:33:16]} O-O {[%clk 1:08:40]} 11. Qxa4 {[%clk
1:33:40]} Bd6 {[%clk 0:58:19]} 12. Qb3 {[%clk 1:27:30]} Bxe5 {[%clk 0:56:36]}
13. Rxe5 {[%clk 1:27:53]} d6 {[%clk 0:53:32]} 14. Re1 {[%clk 1:25:16]} Re8
{[%clk 0:51:59]} 15. Be3 {[%clk 1:21:40]} Ng4 {[%clk 0:48:46]} 16. Nd2 {[%clk
1:21:21]} Be6 {[%clk 0:47:07]} 17. Qd3 {[%clk 1:20:09]} Qf6 {[%clk 0:41:01]}
18. Bd4 {[%clk 1:18:58]} Qf4 {[%clk 0:36:24]} 19. g3 {[%clk 1:15:16]} Qf5
{[%clk 0:30:48]} 20. f3 {[%clk 1:09:48]} Qxd3 {[%clk 0:28:34]} 21. cxd3 {[%clk
1:10:16]} Nh6 {[%clk 0:28:30]} 22. g4 {[%clk 1:09:41]} f6 {[%clk 0:28:13]} 23.
h3 {[%clk 1:06:53]} Nf7 {[%clk 0:25:31]} 24. Re3 {[%clk 0:54:44]} Bd5 {[%clk
0:22:25]} 25. Ne4 {[%clk 0:52:51]} Ne5 {[%clk 0:19:04]} 26. b3 {[%clk 0:50:03]}
Kf7 {[%clk 0:16:24]} 27. Rc1 {[%clk 0:45:22]} Re7 {[%clk 0:16:09]} 28. Kf2
{[%clk 0:43:13]} Ke8 {[%clk 0:14:13]} 29. f4 {[%clk 0:41:55]} Nxd3+ {[%clk
0:13:31]} 30. Rxd3 {[%clk 0:42:18]} Bxe4 {[%clk 0:13:42]} 31. Re3 {[%clk
0:42:32]} Kd7 {[%clk 0:12:19]} 32. Rec3 c5 {[%clk 0:11:28]} 33. Be3 {[%clk
0:34:47]} a5 {[%clk 0:10:40]} 34. Rd1 {[%clk 0:32:52]} Kc6 {[%clk 0:09:59]} 35.
Rxd6+ {[%clk 0:31:09]} Kxd6 {[%clk 0:09:18]} 36. Bxc5+ {[%clk 0:31:37]} Kd7
{[%clk 0:07:26]} 37. Bxe7 {[%clk 0:32:00]} Bb1 {[%clk 0:06:01]} 1/2-1/2

[Event "DEM U16 2022"]
[Site "Willingen GER"]
[Date "2022.06.07"]
[Round "4"]
[White "Jaskulski, Jan"]
[Black "Lerchl, Clemens"]
[Result "1-0"]
[Termination "normal"]
[Board "7"]
[WhiteElo "1727"]
[BlackElo "1843"]
[WhiteClock "00:19:52"]
[BlackClock "00:32:46"]
[PlyCount "63"]
[WhiteFideId "21877807"]
[BlackFideId "16226372"]
[EventCountry "GER"]
[EventRounds "9"]
[EventType "swiss"]
[EventDate "2022.06.04"]

1. e4 {[%clk 1:30:30]} c5 {[%clk 1:30:54]} 2. Nf3 {[%clk 1:30:50]} d6 {[%clk
1:31:21]} 3. d4 {[%clk 1:31:16]} cxd4 {[%clk 1:31:47]} 4. Nxd4 {[%clk 1:31:40]}
Nf6 {[%clk 1:32:13]} 5. Nc3 {[%clk 1:32:06]} g6 {[%clk 1:32:40]} 6. Be3 {[%clk
1:29:50]} Bg7 {[%clk 1:33:05]} 7. f3 {[%clk 1:30:11]} O-O {[%clk 1:33:31]} 8.
Qd2 {[%clk 1:30:11]} Nc6 {[%clk 1:33:58]} 9. O-O-O {[%clk 1:30:32]} d5 {[%clk
1:34:25]} 10. exd5 {[%clk 1:29:47]} Nxd5 {[%clk 1:34:52]} 11. Nxc6 {[%clk
1:30:01]} bxc6 {[%clk 1:35:19]} 12. Bd4 {[%clk 1:30:15]} e5 {[%clk 1:35:35]}
13. Bc5 {[%clk 1:30:37]} Be6 {[%clk 1:36:03]} 14. Ne4 {[%clk 1:30:49]} Re8
{[%clk 1:35:46]} 15. h4 {[%clk 1:30:08]} Qc7 {[%clk 1:34:01]} 16. h5 {[%clk
1:14:37]} Red8 {[%clk 1:26:06]} 17. hxg6 {[%clk 1:00:11]} hxg6 {[%clk 1:26:32]}
18. Qg5 {[%clk 0:54:58]} Nf4 {[%clk 1:17:39]} 19. Rxd8+ {[%clk 0:41:19]} Qxd8
{[%clk 1:17:47]} 20. Be7 {[%clk 0:41:41]} Qa5 {[%clk 1:18:14]} 21. Qh4 {[%clk
0:37:36]} f5 {[%clk 1:14:15]} 22. Ng5 {[%clk 0:36:01]} Bh6 {[%clk 0:58:49]} 23.
b3 {[%clk 0:33:19]} Qxa2 {[%clk 0:44:17]} 24. Qxh6 {[%clk 0:32:56]} Qa1+ {[%clk
0:44:40]} 25. Kd2 {[%clk 0:33:13]} Qa5+ {[%clk 0:45:07]} 26. c3 {[%clk
0:18:30]} Qa2+ {[%clk 0:39:08]} 27. Ke1 {[%clk 0:18:49]} Nxg2+ {[%clk 0:31:46]}
28. Bxg2 {[%clk 0:19:11]} Qb1+ {[%clk 0:32:08]} 29. Kf2 {[%clk 0:19:23]} Qc2+
{[%clk 0:32:34]} 30. Kg3 {[%clk 0:19:09]} f4+ {[%clk 0:32:45]} 31. Kh2 {[%clk
0:19:28]} Qf2 {[%clk 0:32:46]} 32. Qh7# {[%clk 0:19:52]} 1-0

[Event "DEM U16 2022"]
[Site "Willingen GER"]
[Date "2022.06.07"]
[Round "4"]
[White "Metzdorf, Matteo"]
[Black "Hommer, Jeremy"]
[Result "1/2-1/2"]
[Termination "normal"]
[Board "8"]
[WhiteElo "2009"]
[BlackElo "2123"]
[WhiteClock "00:07:52"]
[BlackClock "00:25:35"]
[PlyCount "45"]
[WhiteFideId "16209869"]
[BlackFideId "12992577"]
[EventCountry "GER"]
[EventRounds "9"]
[EventType "swiss"]
[EventDate "2022.06.04"]

1. e4 {[%clk 1:30:57]} c6 {[%clk 1:30:53]} 2. Nc3 {[%clk 1:31:16]} d5 {[%clk
1:31:17]} 3. Nf3 {[%clk 1:31:39]} dxe4 {[%clk 1:31:39]} 4. Nxe4 {[%clk
1:32:04]} Nf6 {[%clk 1:32:02]} 5. Qe2 {[%clk 1:32:30]} Nxe4 {[%clk 1:32:25]} 6.
Qxe4 {[%clk 1:32:47]} Qd5 {[%clk 1:32:51]} 7. Qh4 {[%clk 1:08:02]} Qf5 {[%clk
1:33:12]} 8. c3 {[%clk 1:02:01]} Qg4 {[%clk 1:32:45]} 9. d4 {[%clk 0:58:37]}
Qxh4 {[%clk 1:29:14]} 10. Nxh4 {[%clk 0:58:59]} g6 {[%clk 1:29:30]} 11. Bc4
{[%clk 0:54:06]} Nd7 {[%clk 1:20:19]} 12. Nf3 {[%clk 0:45:57]} Nb6 {[%clk
1:20:14]} 13. Bb3 {[%clk 0:42:54]} f6 {[%clk 0:56:18]} 14. O-O {[%clk 0:26:08]}
e6 {[%clk 0:56:03]} 15. Re1 {[%clk 0:24:20]} Kf7 {[%clk 0:56:17]} 16. Nd2
{[%clk 0:15:26]} Bd7 {[%clk 0:41:15]} 17. Ne4 {[%clk 0:14:49]} Nd5 {[%clk
0:33:49]} 18. c4 {[%clk 0:11:25]} Nb4 {[%clk 0:32:12]} 19. a3 {[%clk 0:09:37]}
Nd3 {[%clk 0:32:01]} 20. Rd1 {[%clk 0:09:20]} Nxc1 {[%clk 0:32:08]} 21. Raxc1
{[%clk 0:09:47]} Be7 {[%clk 0:25:49]} 22. d5 {[%clk 0:08:25]} f5 {[%clk
0:25:35]} 23. d6 {[%clk 0:07:52]} 1/2-1/2

[Event "DEM U16 2022"]
[Site "Willingen GER"]
[Date "2022.06.07"]
[Round "4"]
[White "Stork, Christopher"]
[Black "Bui, Bao Anh Le"]
[Result "1/2-1/2"]
[Termination "normal"]
[Board "9"]
[WhiteElo "1994"]
[BlackElo "2127"]
[WhiteClock "00:19:53"]
[BlackClock "00:01:19"]
[PlyCount "54"]
[WhiteFideId "16215400"]
[BlackFideId "12970719"]
[EventCountry "GER"]
[EventRounds "9"]
[EventType "swiss"]
[EventDate "2022.06.04"]

1. e4 {[%clk 1:30:52]} c5 {[%clk 1:30:51]} 2. Nf3 {[%clk 1:31:14]} d6 {[%clk
1:31:13]} 3. d4 {[%clk 1:31:33]} cxd4 {[%clk 1:31:38]} 4. Nxd4 {[%clk 1:31:58]}
Nf6 {[%clk 1:32:01]} 5. Nc3 {[%clk 1:32:23]} a6 {[%clk 1:32:27]} 6. Qd3 {[%clk
1:32:45]} g6 {[%clk 1:29:40]} 7. Bg5 {[%clk 1:30:49]} Bg7 {[%clk 1:25:47]} 8.
O-O-O {[%clk 1:30:04]} Nbd7 {[%clk 1:15:36]} 9. f4 {[%clk 1:29:05]} Qc7 {[%clk
1:05:19]} 10. h3 {[%clk 1:20:38]} b5 {[%clk 0:51:59]} 11. g4 {[%clk 1:12:27]}
Bb7 {[%clk 0:42:36]} 12. Bg2 {[%clk 1:08:04]} Rc8 {[%clk 0:42:26]} 13. Rd2
{[%clk 0:59:16]} Qc4 {[%clk 0:39:42]} 14. Nb3 {[%clk 0:50:51]} Qxd3 {[%clk
0:19:02]} 15. Rxd3 {[%clk 0:51:01]} Nc5 {[%clk 0:15:26]} 16. Nxc5 {[%clk
0:49:27]} Rxc5 {[%clk 0:15:45]} 17. Re1 {[%clk 0:44:43]} O-O {[%clk 0:08:20]}
18. Rd2 {[%clk 0:39:02]} b4 {[%clk 0:03:29]} 19. Nd5 {[%clk 0:38:12]} Bxd5
{[%clk 0:03:46]} 20. exd5 {[%clk 0:35:23]} Rc7 {[%clk 0:03:05]} 21. Bxf6 {[%clk
0:25:22]} Bxf6 {[%clk 0:03:10]} 22. Re4 {[%clk 0:24:53]} Rb8 {[%clk 0:02:33]}
23. Kb1 {[%clk 0:22:22]} h6 {[%clk 0:02:37]} 24. Bf1 {[%clk 0:22:04]} a5 {[%clk
0:02:51]} 25. Rc4 {[%clk 0:19:59]} Rxc4 {[%clk 0:02:19]} 26. Bxc4 {[%clk
0:20:23]} a4 {[%clk 0:02:35]} 27. Re2 {[%clk 0:19:53]} Kg7 {[%clk 0:01:19]}
1/2-1/2

[Event "DEM U16 2022"]
[Site "Willingen GER"]
[Date "2022.06.07"]
[Round "4"]
[White "Tovmasyan, Minas"]
[Black "Bungarten, Jona"]
[Result "0-1"]
[Termination "normal"]
[Board "11"]
[WhiteElo "1933"]
[BlackElo "1843"]
[WhiteClock "00:14:30"]
[BlackClock "00:33:38"]
[PlyCount "88"]
[WhiteFideId "16247620"]
[BlackFideId "16223608"]
[EventCountry "GER"]
[EventRounds "9"]
[EventType "swiss"]
[EventDate "2022.06.04"]

1. d4 {[%clk 1:30:57]} d5 {[%clk 1:30:56]} 2. c4 {[%clk 1:31:18]} e6 {[%clk
1:30:25]} 3. Nf3 {[%clk 1:31:36]} Nf6 {[%clk 1:30:30]} 4. Nc3 {[%clk 1:31:45]}
c6 {[%clk 1:28:37]} 5. Qd3 {[%clk 1:27:57]} Bb4 {[%clk 1:25:29]} 6. g3 {[%clk
1:23:35]} Ne4 {[%clk 1:22:17]} 7. Bg2 {[%clk 1:21:19]} O-O {[%clk 1:18:56]} 8.
O-O {[%clk 1:20:58]} Bxc3 {[%clk 1:14:49]} 9. bxc3 {[%clk 1:21:17]} Nd7 {[%clk
1:14:50]} 10. Nd2 {[%clk 1:08:51]} f5 {[%clk 1:13:20]} 11. f3 {[%clk 0:59:38]}
Nxd2 {[%clk 1:02:25]} 12. Bxd2 {[%clk 0:58:57]} b6 {[%clk 1:01:25]} 13. cxd5
{[%clk 0:54:03]} cxd5 {[%clk 1:00:09]} 14. e4 {[%clk 0:51:48]} Bb7 15. Rfe1
{[%clk 0:43:12]} dxe4 {[%clk 0:45:32]} 16. fxe4 {[%clk 0:43:15]} Nc5 {[%clk
0:45:50]} 17. Qc4 {[%clk 0:34:13]} Ba6 {[%clk 0:38:57]} 18. Qb4 {[%clk
0:34:34]} Nxe4 {[%clk 0:39:12]} 19. Bxe4 {[%clk 0:29:29]} fxe4 {[%clk 0:39:36]}
20. Bf4 {[%clk 0:23:51]} Bb7 {[%clk 0:34:39]} 21. Qd6 {[%clk 0:12:57]} Qf6
{[%clk 0:26:47]} 22. Qe5 {[%clk 0:10:23]} Qg6 {[%clk 0:25:51]} 23. Qg5 {[%clk
0:09:08]} Qf5 {[%clk 0:24:52]} 24. Rab1 {[%clk 0:05:17]} Rac8 {[%clk 0:23:52]}
25. Re3 {[%clk 0:04:26]} Rf6 {[%clk 0:21:12]} 26. Rb5 {[%clk 0:03:39]} Qxg5
{[%clk 0:19:08]} 27. Bxg5 {[%clk 0:02:36]} Rf5 {[%clk 0:19:15]} 28. a4 {[%clk
0:00:34]} Rc4 {[%clk 0:18:36]} 29. Rxf5 {[%clk 0:00:33]} exf5 {[%clk 0:18:59]}
30. a5 {[%clk 0:00:39]} bxa5 {[%clk 0:18:57]} 31. Bd8 {[%clk 0:00:42]} a4
{[%clk 0:13:54]} 32. Be7 {[%clk 0:01:11]} Kf7 {[%clk 0:13:38]} 33. Bb4 {[%clk
0:00:56]} Ke6 {[%clk 0:13:45]} 34. Re1 {[%clk 0:00:48]} Bc6 {[%clk 0:10:06]}
35. Kf2 {[%clk 0:01:00]} Kd5 {[%clk 0:09:09]} 36. Rc1 {[%clk 0:00:42]} Bb5
{[%clk 0:08:46]} 37. Bc5 {[%clk 0:01:08]} Rxc5 {[%clk 0:07:59]} 38. dxc5 {[%clk
0:01:30]} Kxc5 {[%clk 0:08:04]} 39. Rb1 {[%clk 0:01:12]} a5 {[%clk 0:06:09]}
40. Ke3 {[%clk 0:01:14]} Kc4 {[%clk 0:05:33]} 41. h4 {[%clk 0:20:12]} a3 {[%clk
0:34:18]} 42. h5 {[%clk 0:18:26]} a2 {[%clk 0:33:04]} 43. Ra1 {[%clk 0:15:17]}
Kb3 {[%clk 0:33:19]} 44. Rd1 {[%clk 0:14:30]} Kxc3 {[%clk 0:33:38]} 0-1

[Event "DEM U16 2022"]
[Site "Willingen GER"]
[Date "2022.06.07"]
[Round "4"]
[White "Heinrich, John"]
[Black "Weidenhöfer, Max"]
[Result "1-0"]
[Termination "normal"]
[Board "12"]
[WhiteElo "2011"]
[BlackElo "1945"]
[WhiteClock "00:48:41"]
[BlackClock "00:47:42"]
[PlyCount "59"]
[WhiteFideId "16259491"]
[BlackFideId "16230566"]
[EventCountry "GER"]
[EventRounds "9"]
[EventType "swiss"]
[EventDate "2022.06.04"]

1. e4 {[%clk 1:30:58]} d5 {[%clk 1:30:56]} 2. exd5 {[%clk 1:31:19]} Qxd5 {[%clk
1:31:24]} 3. Nc3 {[%clk 1:31:33]} Qd6 {[%clk 1:31:51]} 4. d4 {[%clk 1:31:15]}
Nf6 {[%clk 1:32:16]} 5. Nf3 {[%clk 1:25:48]} c6 {[%clk 1:32:44]} 6. Ne5 {[%clk
1:25:35]} Be6 {[%clk 1:33:08]} 7. Bf4 {[%clk 1:23:51]} Qd8 {[%clk 1:33:20]} 8.
Qd2 {[%clk 1:19:19]} g6 {[%clk 1:33:44]} 9. Be2 {[%clk 1:16:39]} Nbd7 {[%clk
1:32:47]} 10. Bf3 {[%clk 1:06:56]} Qa5 {[%clk 1:02:34]} 11. O-O {[%clk
1:05:34]} Rd8 {[%clk 0:59:03]} 12. Nd5 {[%clk 1:01:38]} Qxd5 {[%clk 0:52:37]}
13. Bxd5 {[%clk 1:01:09]} Nxd5 {[%clk 0:53:05]} 14. Nxd7 {[%clk 0:59:14]} Rxd7
{[%clk 0:53:11]} 15. Bh6 {[%clk 0:59:25]} Bxh6 {[%clk 0:52:47]} 16. Qxh6 {[%clk
0:59:50]} Nf6 {[%clk 0:53:09]} 17. Qf4 {[%clk 0:59:45]} O-O {[%clk 0:53:12]}
18. c3 {[%clk 0:59:40]} Rfd8 {[%clk 0:53:04]} 19. Rfe1 {[%clk 0:59:06]} Kg7
{[%clk 0:52:02]} 20. Re5 {[%clk 0:58:27]} Bf5 {[%clk 0:50:44]} 21. Rae1 {[%clk
0:57:56]} e6 {[%clk 0:49:25]} 22. Qd2 {[%clk 0:56:34]} c5 {[%clk 0:48:52]} 23.
f3 {[%clk 0:49:52]} cxd4 {[%clk 0:47:54]} 24. g4 {[%clk 0:47:26]} dxc3 {[%clk
0:47:49]} 25. Qxc3 {[%clk 0:47:42]} Bd3 {[%clk 0:47:30]} 26. g5 {[%clk
0:47:56]} Nh5 {[%clk 0:47:10]} 27. Rxe6+ {[%clk 0:47:45]} Rd4 {[%clk 0:47:23]}
28. R6e4 {[%clk 0:47:52]} Bxe4 {[%clk 0:47:22]} 29. Rxe4 {[%clk 0:48:16]} Nf4
{[%clk 0:47:42]} 30. Rxf4 {[%clk 0:48:41]} 1-0